Architekt Svetko : katalóg k výstave v Galérii SAS v Bratislave, 21.10.-14.11.1998

Enregistré dans:
Détails bibliographiques
Format: Livre
Publié: Bratislava : Interpond, 1998
Sujets:
Tags: Ajouter un tag
Pas de tags, Soyez le premier à ajouter un tag!

MARC

LEADER 00000nam a22000003a 4500
001 stu91077
005 20150617225625.6
008 041019s1998----------------------------d
020 |a 80-88736-15-3 
040 |a STU  |b slo 
041 0
100 1 |a Matušík, Ivan  |4 orm 
245 1 |a Architekt Svetko :  |b katalóg k výstave v Galérii SAS v Bratislave, 21.10.-14.11.1998 
260 |a Bratislava :  |b Interpond,  |c 1998 
300 |a 35 s 
650 7 |a Svetko, Štefan  |2 stusub 
650 7 |a architekti slovenskí  |2 stusub 
996 |b 284AB00469  |c A*1152 B  |l AAKNST  |s P  |a 0  |w stu91077_0001